00764nam a22002057a 450000500170000001000140001702000270003103700170005808200110007510000270008624500700011326000450018327000630022830000300029160000510032165000210037294200250039399900170041895201230043520230912103459.0 aEN-137838 a9780198083757c1495.00 bBSB/Venadpl a954.53 aTiwari, Nishant956264 aCelebrating Bihar :bthe charm of champaranl /cby Nishant Tiwari aNew DelhibOxford University Pressc2012 aYMCA Library Building, 1 Jai Singh RoadbNew Delhie110001 a93p.:c21cm(Hb)bcol.ill. aGandhi, Mahatma,d1869-1948x Religion.956265 aHinduism.956266 2ddccENh954.53mTIW c84950d84950 001040718REFaDBADbLd2023-08-21eDBAD/PUBg1495.00l0o954.53 TIWpEN-121370r2014-06-06 00:00:00t1v1495.00yEN